[Event "Magistral Internacional Marcel Duchamp "]
[Site "Buenos Aires ARG"]
[Date "2009.10.04"]
[Round "1.1"]
[White "Goldwaser, Christian"]
[Black "Mareco, Sandro"]
[Result "0-1"]
[WhiteElo "2441"]
[BlackElo "2525"]
[PlyCount "90"]
[EventDate "2009.10.04"]
[EventType "tourn"]
[EventRounds "9"]
[EventCountry "ARG"]
[EventCategory "9"]
[Source "lmi"]
[SourceDate "2009.10.04"]

1. Nf3 Nf6 2. c4 e6 3. Nc3 Bb4 4. Qc2 c5 5. a3 Ba5 6. e3 O-O 7. d4 b6 8. Be2
Bb7 9. O-O Qe7 10. Rd1 d5 11. b3 dxc4 12. bxc4 Rd8 13. Bb2 cxd4 14. exd4 Nbd7
15. Qb3 Rac8 16. a4 Qb4 17. Nd2 Nb8 18. Nb5 a6 19. Na3 Ne4 20. Qxb4 Bxb4 21.
Nxe4 Bxe4 22. f3 Bg6 23. Rac1 Nc6 24. c5 bxc5 25. Bxa6 Rb8 26. Nc2 Ba5 27. Bb5
cxd4 28. Na3 Na7 29. Nc4 Bb4 30. Ne5 Ba5 31. Nc4 Bb4 32. Ne5 Rd5 33. Bxd4 Rbd8
34. Bxa7 Rxd1+ 35. Rxd1 Rxd1+ 36. Kf2 Rd2+ 37. Kf1 Bc2 38. Nc6 Bd6 39. a5 Bd3+
40. Bxd3 Rxd3 41. Bb6 Ra3 42. h3 Kf8 43. Ke2 Ke8 44. g4 Kd7 45. Nd4 Bb4 0-1

[Event "Magistral Internacional Marcel Duchamp "]
[Site "Buenos Aires ARG"]
[Date "2009.10.04"]
[Round "1.2"]
[White "Perez Ponsa, Federico"]
[Black "Slipak, Sergio"]
[Result "1-0"]
[WhiteElo "2422"]
[BlackElo "2468"]
[PlyCount "91"]
[EventDate "2009.10.04"]
[EventType "tourn"]
[EventRounds "9"]
[EventCountry "ARG"]
[EventCategory "9"]
[Source "lmi"]
[SourceDate "2009.10.04"]

1. e4 e5 2. Nf3 Nc6 3. Bb5 Nf6 4. d3 d6 5. O-O Bd7 6. c3 g6 7. Bg5 Bg7 8. Nbd2
h6 9. Bh4 O-O 10. Re1 Qe8 11. Nf1 Nh5 12. Ne3 Nf4 13. Bg3 Nh5 14. Bh4 Nf4 15.
Ba4 Kh7 16. Bc2 f6 17. d4 Ne7 18. Qd2 Rd8 19. Rad1 Kh8 20. c4 g5 21. Bg3 Qh5
22. Nf5 Nxf5 23. exf5 Qf7 24. Bxf4 gxf4 25. Nh4 Rfe8 26. Ng6+ Kh7 27. d5 b6 28.
Be4 a5 29. g3 a4 30. Kh1 b5 31. Rc1 Rb8 32. c5 dxc5 33. Rxc5 Bf8 34. Rxc7 Bd6
35. Rc2 Rec8 36. Rec1 Qe8 37. Qa5 Rxc2 38. Rxc2 Rc8 39. Qb6 Rxc2 40. Bxc2 Be7
41. Be4 Kg7 42. d6 Bf8 43. Qc7 Qc8 44. Bb7 Bxd6 45. Bxc8 Bxc7 46. Bxd7 1-0

[Event "Magistral Internacional Marcel Duchamp "]
[Site "Buenos Aires ARG"]
[Date "2009.10.04"]
[Round "1.3"]
[White "Garcia Palermo, Carlos"]
[Black "Hernandez Guerrero, Gilberto"]
[Result "0-1"]
[WhiteElo "2475"]
[BlackElo "2540"]
[PlyCount "70"]
[EventDate "2009.10.04"]
[EventType "tourn"]
[EventRounds "9"]
[EventCountry "ARG"]
[EventCategory "9"]
[Source "lmi"]
[SourceDate "2009.10.04"]

1. d4 Nf6 2. Nf3 g6 3. g3 Bg7 4. Bg2 O-O 5. O-O c6 6. b3 d5 7. Bb2 a5 8. c4 a4
9. Na3 axb3 10. axb3 Bf5 11. Nh4 Be6 12. Qd3 Qd7 13. Nc2 Na6 14. Rfc1 h6 15. c5
g5 16. Nf3 Bf5 17. Qd1 Ne4 18. b4 Qe6 19. Ne5 g4 20. Ne3 h5 21. Nxf5 Qxf5 22.
f3 Ng5 23. e4 dxe4 24. fxe4 Qh7 25. b5 cxb5 26. c6 bxc6 27. Nxc6 e6 28. Qe2
Nh3+ 29. Kh1 Kh8 30. Qxb5 Nc7 31. Qb7 Nf2+ 32. Kg1 Nd3 33. Rxa8 Nxa8 34. Ra1
Qh6 35. Bc1 Nxc1 0-1

[Event "Magistral Internacional Marcel Duchamp "]
[Site "Buenos Aires ARG"]
[Date "2009.10.04"]
[Round "1.4"]
[White "Cori Tello, Jorge"]
[Black "Obregon, Carlos"]
[Result "1-0"]
[WhiteElo "2445"]
[BlackElo "2439"]
[PlyCount "105"]
[EventDate "2009.10.04"]
[EventType "tourn"]
[EventRounds "9"]
[EventCountry "ARG"]
[EventCategory "9"]
[Source "lmi"]
[SourceDate "2009.10.04"]

1. e4 c5 2. Nf3 d6 3. d4 cxd4 4. Nxd4 Nf6 5. Nc3 a6 6. Be2 e6 7. O-O Be7 8. f4
O-O 9. Be3 Nc6 10. Kh1 Qc7 11. Bf3 Nxd4 12. Qxd4 e5 13. Qd2 exf4 14. Bd4 Be6
15. Qxf4 Nd7 16. Rad1 Rad8 17. Bg4 Ne5 18. Bf5 Bf6 19. Qe3 Qe7 20. Bb6 Rd7 21.
Nd5 Bxd5 22. exd5 Nc4 23. Qh3 g6 24. Bxd7 Nxb6 25. Bg4 h5 26. Bf3 Bxb2 27. Qg3
Nc4 28. Rfe1 Be5 29. Qf2 b5 30. Re4 Rc8 31. Rde1 f5 32. R4e2 Kg7 33. Rf1 Rc7
34. Rfe1 Qf6 35. Rd1 Rc5 36. Rd3 b4 37. Qe1 a5 38. Rd1 Kh6 39. g3 Kg7 40. Bg2
Na3 41. Qf2 Nc4 42. Qe1 Qd8 43. Rd3 Qc7 44. Qc1 Na3 45. Rxe5 dxe5 46. d6 Qd7
47. Qe3 Rxc2 48. Qxe5+ Kh7 49. Bf1 Rc1 50. Kg1 Rc8 51. Re3 Rf8 52. Qe7+ Rf7 53.
Qxd7 1-0

[Event "Magistral Internacional Marcel Duchamp "]
[Site "Buenos Aires ARG"]
[Date "2009.10.04"]
[Round "1.5"]
[White "Cori Tello, Deysi"]
[Black "Liascovich, Lucas"]
[Result "0-1"]
[WhiteElo "2361"]
[BlackElo "2454"]
[PlyCount "74"]
[EventDate "2009.10.04"]
[EventType "tourn"]
[EventRounds "9"]
[EventCountry "ARG"]
[EventCategory "9"]
[Source "lmi"]
[SourceDate "2009.10.04"]

1. d4 Nf6 2. c4 g6 3. Nf3 Bg7 4. Nc3 d5 5. Qa4+ Bd7 6. Qb3 dxc4 7. Qxc4 O-O 8.
Bf4 c6 9. e4 b5 10. Qd3 Qa5 11. Be2 c5 12. O-O b4 13. Nd5 Nxd5 14. exd5 Bf5 15.
Qe3 Nd7 16. Rfd1 Rac8 17. Ne5 cxd4 18. Rxd4 Nxe5 19. Bxe5 Bxe5 20. Qxe5 Rfe8
21. Qe3 Qb6 22. Rad1 a5 23. h4 e5 24. Rc4 Qd6 25. b3 Rxc4 26. Bxc4 Re7 27. f3
h5 28. Kf2 Kg7 29. g3 Rc7 30. Rg1 a4 31. g4 hxg4 32. fxg4 Bc8 33. h5 Qf6+ 34.
Kg3 g5 35. Rd1 axb3 36. axb3 Ra7 37. d6 Rd7 0-1

[Event "Magistral Internacional Marcel Duchamp "]
[Site "Buenos Aires ARG"]
[Date "2009.10.05"]
[Round "2.1"]
[White "Mareco, Sandro"]
[Black "Liascovich, Lucas"]
[Result "1/2-1/2"]
[WhiteElo "2468"]
[BlackElo "2454"]
[PlyCount "35"]
[EventDate "2009.10.04"]
[EventType "tourn"]
[EventRounds "9"]
[EventCountry "ARG"]
[EventCategory "9"]
[Source "lmi"]
[SourceDate "2009.10.04"]

1. d4 d5 2. c4 dxc4 3. Nf3 Nf6 4. e3 e6 5. Bxc4 c5 6. O-O Nc6 7. Qe2 cxd4 8.
Rd1 Be7 9. exd4 O-O 10. Nc3 Na5 11. Bd3 b6 12. Bg5 Bb7 13. Rac1 Rc8 14. Bb1 Nc4
15. Bd3 Nd6 16. Ba6 Bxa6 17. Qxa6 Rc7 18. d5 1/2-1/2

[Event "Magistral Internacional Marcel Duchamp "]
[Site "Buenos Aires ARG"]
[Date "2009.10.05"]
[Round "2.2"]
[White "Obregon, Carlos"]
[Black "Cori Tello, Deysi"]
[Result "1/2-1/2"]
[WhiteElo "2439"]
[BlackElo "2361"]
[PlyCount "162"]
[EventDate "2009.10.04"]
[EventType "tourn"]
[EventRounds "9"]
[EventCountry "ARG"]
[EventCategory "9"]
[Source "lmi"]
[SourceDate "2009.10.04"]

1. e4 e6 2. d4 d5 3. Nd2 Nf6 4. e5 Nfd7 5. Bd3 c5 6. c3 Nc6 7. Ne2 cxd4 8. cxd4
f6 9. exf6 Nxf6 10. Nf3 Bd6 11. Bf4 Bxf4 12. Nxf4 O-O 13. O-O Ne4 14. Qc1 Qf6
15. Ne2 Bd7 16. Qe3 Be8 17. Bxe4 dxe4 18. Nd2 Bg6 19. Nxe4 Bxe4 20. Qxe4 Rad8
21. Rad1 Rd5 22. Nc3 Rf5 23. Qe3 Rd8 24. Rfe1 Rxd4 25. Qxe6+ Qxe6 26. Rxe6
Rxd1+ 27. Nxd1 Rd5 28. Nc3 Rd7 29. f3 Kf7 30. Re4 Rd2 31. Re2 Rd3 32. Kf2 h6
33. Ne4 Rd7 34. a3 Ne5 35. Rc2 b5 36. Ke2 Nc4 37. a4 a6 38. b4 Rd4 39. axb5
axb5 40. Nf2 Nb6 41. Nd3 Nd5 42. Rb2 Nf4+ 43. Nxf4 Rxf4 44. g3 Rc4 45. h4 h5
46. Kf2 Kf6 47. Rb3 g5 48. hxg5+ Kxg5 49. Kg2 h4 50. g4 Kf4 51. Kh3 Rc1 52. Rd3
Rb1 53. Rd5 Kxf3 54. Rf5+ Ke4 55. Rxb5 Rh1+ 56. Kg2 Rb1 57. Rf5 Rb3 58. Rg5 Kf4
59. Rg8 Rg3+ 60. Kh2 Rb3 61. Rg7 Rb1 62. Rg8 Rb3 63. b5 Rxb5 64. Kh3 Rb1 65.
Rf8+ Kg5 66. Rf5+ Kg6 67. Kxh4 Rh1+ 68. Kg3 Rg1+ 69. Kh3 Rh1+ 70. Kg2 Rc1 71.
Re5 Rc3 72. Kf2 Rb3 73. Re3 Rxe3 74. Kxe3 Kg5 75. Kf3 Kg6 76. Kf4 Kf6 77. Kg3
Kg5 78. Kh3 Kg6 79. Kh4 Kh6 80. g5+ Kg6 81. Kg4 Kg7 1/2-1/2

[Event "Magistral Internacional Marcel Duchamp "]
[Site "Buenos Aires ARG"]
[Date "2009.10.05"]
[Round "2.3"]
[White "Hernandez Guerrero, Gilberto"]
[Black "Cori Tello, Jorge"]
[Result "1/2-1/2"]
[WhiteElo "2540"]
[BlackElo "2445"]
[PlyCount "60"]
[EventDate "2009.10.04"]
[EventType "tourn"]
[EventRounds "9"]
[EventCountry "ARG"]
[EventCategory "9"]
[Source "lmi"]
[SourceDate "2009.10.04"]

1. e4 e5 2. Nf3 Nc6 3. Bc4 Nf6 4. d3 Be7 5. O-O O-O 6. Re1 d6 7. a4 Na5 8. Ba2
c5 9. c3 Nc6 10. Nbd2 Re8 11. Nf1 h6 12. Ng3 Bf8 13. h3 Be6 14. Bxe6 Rxe6 15.
c4 g6 16. Be3 Bg7 17. Qd2 Kh7 18. Nh2 Qd7 19. Rf1 Rf8 20. Rae1 Ng8 21. Kh1 Nge7
22. b3 b6 23. f4 exf4 24. Bxf4 Nd4 25. Qd1 f5 26. exf5 Nexf5 27. Rxe6 Qxe6 28.
Re1 Qd7 29. Nxf5 Rxf5 30. Be3 Nc6 1/2-1/2

[Event "Magistral Internacional Marcel Duchamp "]
[Site "Buenos Aires ARG"]
[Date "2009.10.05"]
[Round "2.4"]
[White "Slipak, Sergio"]
[Black "Garcia Palermo, Carlos"]
[Result "0-1"]
[WhiteElo "2468"]
[BlackElo "2475"]
[PlyCount "164"]
[EventDate "2009.10.04"]
[EventType "tourn"]
[EventRounds "9"]
[EventCountry "ARG"]
[EventCategory "9"]
[Source "lmi"]
[SourceDate "2009.10.04"]

1. d4 d5 2. c4 e6 3. Nf3 a6 4. cxd5 exd5 5. Nc3 c6 6. Qc2 Bd6 7. Bg5 Ne7 8. e3
Bf5 9. Qxf5 Nxf5 10. Bxd8 Kxd8 11. Bd3 Nh6 12. g4 Nd7 13. g5 Ng8 14. h4 Ne7 15.
O-O-O Kc7 16. h5 Nf8 17. Ne5 Bxe5 18. dxe5 h6 19. gxh6 Rxh6 20. f4 Ne6 21. Ne2
Rah8 22. Ng3 g6 23. hxg6 fxg6 24. Rhg1 Rh3 25. Nf1 R8h6 26. Be2 Nc5 27. Bg4
R3h4 28. Bf3 Nf5 29. Bg4 Ne7 30. Bf3 a5 31. Rd2 b5 32. Rdg2 d4 33. exd4 Rxf4
34. Bxc6 Nd3+ 35. Kd2 Rxd4 36. Bxb5 Nf4+ 37. Kc3 Rb4 38. Bc4 Nxg2 39. Rxg2 Rh3+
40. Rg3 Rxg3+ 41. Nxg3 Nc6 42. a3 Rb8 43. e6 Rh8 44. Ne4 Rh3+ 45. Kd2 Kd8 46.
Bd5 Ne5 47. Kc2 Ke7 48. b4 axb4 49. axb4 Nd3 50. Bc4 Nxb4+ 51. Kd2 Nc6 52. Bd5
Nd4 53. Nf2 Rh2 54. Ke3 Nxe6 55. Be4 Kf7 56. Bd5 Rh5 57. Bc4 Re5+ 58. Kf3 Kg7
59. Bd3 Ra5 60. Kg3 Nc5 61. Be2 Ra3+ 62. Kg4 Nd7 63. Kf4 Ra2 64. Ke3 Nf6 65.
Bf3 Ra3+ 66. Kf4 g5+ 67. Kg3 Kg6 68. Kg2 Kf5 69. Bb7 g4 70. Bc8+ Kf4 71. Be6
Rg3+ 72. Kf1 Re3 73. Bc8 Re8 74. Bb7 Rb8 75. Bc6 Kg3 76. Nd3 Rf8 77. Ke2 Nh5
78. Ke3 Nf4 79. Nc5 Ng2+ 80. Kd4 Kh2 81. Ne4 g3 82. Ng5 Nh4 0-1

[Event "Magistral Internacional Marcel Duchamp "]
[Site "Buenos Aires ARG"]
[Date "2009.10.06"]
[Round "3.1"]
[White "Perez Ponsa, Federico"]
[Black "Mareco, Sandro"]
[Result "1-0"]
[WhiteElo "2422"]
[BlackElo "2525"]
[PlyCount "167"]
[EventDate "2009.10.04"]
[EventType "tourn"]
[EventRounds "9"]
[EventCountry "ARG"]
[EventCategory "9"]
[Source "lmi"]
[SourceDate "2009.10.04"]

1. e4 c5 2. Nf3 e6 3. d4 cxd4 4. Nxd4 a6 5. Nc3 d6 6. Bc4 Nf6 7. Bb3 Be7 8. O-O
O-O 9. f4 b5 10. e5 dxe5 11. fxe5 Nfd7 12. Be3 Nxe5 13. Qh5 Nbd7 14. Bxe6 g6
15. Qh6 Nf6 16. Bxc8 Rxc8 17. Rad1 Neg4 18. Qh3 Bc5 19. Ne4 Nxe3 20. Nxf6+ Qxf6
21. Rxf6 Nxd1 22. c3 b4 23. Kf1 Nxb2 24. Nc6 Kg7 25. cxb4 Be7 26. Nxe7 Rc1+ 27.
Kf2 Rc2+ 28. Kg3 Kxf6 29. Qh4+ Kg7 30. Qd4+ f6 31. Nd5 Na4 32. Qa7+ Rf7 33.
Qxa6 Nc3 34. Ne3 Rxa2 35. Qc4 Ne2+ 36. Kh3 Ra3 37. Qxe2 Re7 38. g3 Raxe3 39.
Qc2 R3e5 40. Qd3 Rb7 41. Kg2 Reb5 42. h4 Rxb4 43. Kh3 Rb3 44. Qd5 R3b5 45. Qc6
R5b6 46. Qc5 Re6 47. Qd5 Rbe7 48. Qd4 Re5 49. Qd6 Rf7 50. Qd4 Rb7 51. Qc3 Re2
52. Qc6 Rbe7 53. Qb6 Rd7 54. Qc6 Red2 55. Qc3 R2d3 56. Qc5 Rf3 57. Kg4 Rfd3 58.
Kh3 R3d6 59. Qc3 Re6 60. Qc4 Ree7 61. Qc3 h5 62. Qb2 Re3 63. Qc1 Rdd3 64. Qc7+
Kf8 65. Qc8+ Ke7 66. Qc7+ Ke6 67. Qc6+ Ke5 68. Qc5+ Ke4 69. Qc6+ Kf5 70. Qc8+
Re6 71. Qc2 Red6 72. Qf2+ Ke4 73. Qe2+ Kd4 74. Qb2+ Ke3 75. Qc1+ Kf2 76. Qc2+
Rd2 77. Qxg6 R2d3 78. Qf5+ Kg1 79. Qxh5 Rd2 80. Qc5+ Kh1 81. Qc1+ Rd1 82. Qc2
R1d2 83. Qe4+ Kg1 84. Qe1# 1-0

[Event "Magistral Internacional Marcel Duchamp "]
[Site "Buenos Aires ARG"]
[Date "2009.10.06"]
[Round "3.2"]
[White "Garcia Palermo, Carlos"]
[Black "Goldwaser, Christian"]
[Result "1-0"]
[WhiteElo "2475"]
[BlackElo "2441"]
[PlyCount "49"]
[EventDate "2009.10.04"]
[EventType "tourn"]
[EventRounds "9"]
[EventCountry "ARG"]
[EventCategory "9"]
[Source "lmi"]
[SourceDate "2009.10.04"]

1. d4 d5 2. c4 dxc4 3. e3 e5 4. Bxc4 exd4 5. exd4 Nf6 6. Nf3 Bd6 7. O-O O-O 8.
Ne5 Nbd7 9. Bf4 Nb6 10. Bb3 Nfd5 11. Bg3 Be6 12. Nc3 f6 13. Nd3 Bf7 14. Nc5 Rb8
15. Re1 c6 16. Qf3 Bxg3 17. Qxg3 Nc7 18. N3e4 Bxb3 19. axb3 a6 20. Nd6 Ncd5 21.
Ndxb7 Qc7 22. Qxc7 Nxc7 23. Na5 Rbd8 24. Nxc6 Rd6 25. Ne7+ 1-0

[Event "Magistral Internacional Marcel Duchamp "]
[Site "Buenos Aires ARG"]
[Date "2009.10.06"]
[Round "3.3"]
[White "Cori Tello, Jorge"]
[Black "Slipak, Sergio"]
[Result "1-0"]
[WhiteElo "2445"]
[BlackElo "2468"]
[PlyCount "137"]
[EventDate "2009.10.04"]
[EventType "tourn"]
[EventRounds "9"]
[EventCountry "ARG"]
[EventCategory "9"]
[Source "lmi"]
[SourceDate "2009.10.04"]

1. e4 e5 2. Nf3 Nc6 3. Bb5 a6 4. Ba4 Nf6 5. O-O Be7 6. Re1 b5 7. Bb3 d6 8. c3
O-O 9. d3 Na5 10. Bc2 c5 11. Nbd2 Re8 12. Nf1 Nc6 13. Ng3 h6 14. h3 Bf8 15. d4
Bd7 16. Be3 a5 17. d5 Ne7 18. a4 b4 19. Nd2 Nc8 20. Qe2 Nb6 21. c4 g6 22. Rf1
Bc8 23. Rae1 Nbd7 24. Kh2 Bg7 25. Nh1 Nh5 26. g3 Nf8 27. Rg1 Kh8 28. b3 Ra7 29.
Bd1 Nh7 30. Qf1 N5f6 31. f3 Ng8 32. f4 f5 33. Nf2 Rf7 34. Qg2 Nf8 35. Bc2 exf4
36. Bxf4 g5 37. Be3 Ng6 38. exf5 Bxf5 39. Bxf5 Rxf5 40. Nfe4 Ref8 41. Rgf1 Be5
42. Kh1 R8f7 43. Rxf5 Rxf5 44. Rf1 Qf8 45. Rxf5 Qxf5 46. Qf1 N8e7 47. Kg2 Qxf1+
48. Kxf1 Nf5 49. Bf2 Nfe7 50. Nf3 Nc8 51. Nxe5 Nxe5 52. g4 Kg7 53. Bg3 Nf7 54.
h4 gxh4 55. Bxh4 Kg6 56. Ke2 h5 57. Kf3 Ne5+ 58. Kf4 hxg4 59. Bd8 Nd3+ 60. Kxg4
Nc1 61. Nd2 Ne2 62. Bxa5 Kf6 63. Bd8+ Ke5 64. Kf3 Nd4+ 65. Ke3 Nc2+ 66. Kd3
Ne1+ 67. Ke2 Ng2 68. Nf3+ Kf4 69. Kf2 1-0

[Event "Magistral Internacional Marcel Duchamp "]
[Site "Buenos Aires ARG"]
[Date "2009.10.06"]
[Round "3.4"]
[White "Cori Tello, Deysi"]
[Black "Hernandez Guerrero, Gilberto"]
[Result "1-0"]
[WhiteElo "2361"]
[BlackElo "2540"]
[PlyCount "83"]
[EventDate "2009.10.04"]
[EventType "tourn"]
[EventRounds "9"]
[EventCountry "ARG"]
[EventCategory "9"]
[Source "lmi"]
[SourceDate "2009.10.04"]

1. d4 Nf6 2. c4 g6 3. Nc3 Bg7 4. Nf3 O-O 5. g3 d6 6. Bg2 c6 7. O-O Qa5 8. e4 e5
9. Re1 Nbd7 10. h3 exd4 11. Nxd4 Ne5 12. Bf1 Be6 13. Nxe6 fxe6 14. Kg2 Rad8 15.
f4 Nf7 16. Qa4 Qb6 17. Qb3 Qc7 18. Be3 e5 19. f5 gxf5 20. exf5 Bh6 21. Rad1 Kh8
22. Bxa7 Qe7 23. Bb6 Rd7 24. Kh2 Rg8 25. Ne4 Nxe4 26. Rxe4 Qf6 27. Bg2 Qxf5 28.
Rf1 Qe6 29. h4 Qg6 30. Re2 Bg7 31. Be4 Qh5 32. Bf3 Qg6 33. Be4 Qh5 34. Qd3 Nh6
35. Bxh7 Ng4+ 36. Kh3 e4 37. Bxe4 Ne5 38. Qc2 Bh6 39. Rg2 Rdg7 40. Bd4 Bg5 41.
Bxe5 dxe5 42. Rf5 1-0

[Event "Magistral Internacional Marcel Duchamp "]
[Site "Buenos Aires ARG"]
[Date "2009.10.06"]
[Round "3.5"]
[White "Liascovich, Lucas"]
[Black "Obregon, Carlos"]
[Result "1/2-1/2"]
[WhiteElo "2454"]
[BlackElo "2439"]
[PlyCount "65"]
[EventDate "2009.10.04"]
[EventType "tourn"]
[EventRounds "9"]
[EventCountry "ARG"]
[EventCategory "9"]
[Source "lmi"]
[SourceDate "2009.10.04"]

1. Nf3 Nf6 2. c4 c6 3. e3 d5 4. b3 Bg4 5. Bb2 Nbd7 6. Be2 e6 7. Nc3 Bd6 8. Nd4
Bxe2 9. Qxe2 a6 10. cxd5 cxd5 11. O-O O-O 12. f4 Qe7 13. Rad1 Bc5 14. Qd3 Rac8
15. Nce2 Ba3 16. Ba1 Ne4 17. Qb1 Bb4 18. Nf3 Rc7 19. d3 Nc3 20. Nxc3 Bxc3 21.
Rc1 Rfc8 22. Bxc3 Rxc3 23. Rxc3 Rxc3 24. Rc1 Qc5 25. Rxc3 Qxc3 26. Kf2 Nc5 27.
Ke2 f6 28. b4 Na4 29. Qb3 Qxb3 30. axb3 Nc3+ 31. Kd2 Nb5 32. e4 Kf7 33. e5
1/2-1/2

[Event "Magistral Internacional Marcel Duchamp "]
[Site "Buenos Aires ARG"]
[Date "2009.10.07"]
[Round "4.1"]
[White "Mareco, Sandro"]
[Black "Obregon, Carlos"]
[Result "1-0"]
[WhiteElo "2525"]
[BlackElo "2439"]
[PlyCount "91"]
[EventDate "2009.10.04"]
[EventType "tourn"]
[EventRounds "9"]
[EventCountry "ARG"]
[EventCategory "9"]
[Source "lmi"]
[SourceDate "2009.10.04"]

1. c4 e5 2. Nc3 Nf6 3. g3 c6 4. Nf3 e4 5. Nd4 d5 6. cxd5 Qb6 7. Nc2 cxd5 8. Bg2
Nc6 9. O-O Bf5 10. d3 Rd8 11. b4 Be7 12. b5 d4 13. Nxe4 Qxb5 14. Nxf6+ Bxf6 15.
Ba3 Be6 16. Rb1 Qa6 17. Qd2 Bd5 18. e4 Be6 19. f4 Be7 20. Bxe7 Nxe7 21. f5 Bc8
22. f6 gxf6 23. Nb4 Qa5 24. Rxf6 Nc6 25. Rf2 Nxb4 26. Rxb4 b6 27. e5 Qc5 28.
Rc4 Qe7 29. Qf4 Be6 30. Bc6+ Bd7 31. Bd5 Be6 32. Bxe6 Qxe6 33. Rc6 Qe7 34. Rf6
O-O 35. Qg5+ Kh8 36. e6 Rc8 37. Qe5 Qc5 38. Qxc5 bxc5 39. e7 Rfe8 40. Rxf7 Kg8
41. Kg2 Rb8 42. g4 h6 43. Kg3 Rbc8 44. h4 c4 45. dxc4 d3 46. Rf8+ 1-0

[Event "Magistral Internacional Marcel Duchamp "]
[Site "Buenos Aires ARG"]
[Date "2009.10.07"]
[Round "4.2"]
[White "Hernandez Guerrero, Gilberto"]
[Black "Liascovich, Lucas"]
[Result "1/2-1/2"]
[WhiteElo "2540"]
[BlackElo "2454"]
[PlyCount "57"]
[EventDate "2009.10.04"]
[EventType "tourn"]
[EventRounds "9"]
[EventCountry "ARG"]
[EventCategory "9"]
[Source "lmi"]
[SourceDate "2009.10.04"]

1. e4 e5 2. Nf3 Nc6 3. Bb5 Nf6 4. O-O Nxe4 5. d4 Nd6 6. Bxc6 dxc6 7. dxe5 Ne4
8. Qe2 Bf5 9. Be3 Bc5 10. Bxc5 Nxc5 11. Nc3 Ne6 12. Rad1 Qe7 13. Nd4 Nxd4 14.
Rxd4 O-O 15. g4 Be6 16. h3 Rad8 17. Rfd1 Rxd4 18. Rxd4 Rd8 19. Qd2 Rxd4 20.
Qxd4 h5 21. Kg2 b6 22. f3 c5 23. Qd2 hxg4 24. hxg4 c6 25. Kg3 c4 26. a3 Qc5 27.
Qd8+ Kh7 28. Qh4+ Kg8 29. Qd8+ 1/2-1/2

[Event "Magistral Internacional Marcel Duchamp "]
[Site "Buenos Aires ARG"]
[Date "2009.10.07"]
[Round "4.3"]
[White "Slipak, Sergio"]
[Black "Cori Tello, Deysi"]
[Result "1-0"]
[WhiteElo "2468"]
[BlackElo "2361"]
[PlyCount "153"]
[EventDate "2009.10.04"]
[EventType "tourn"]
[EventRounds "9"]
[EventCountry "ARG"]
[EventCategory "9"]
[Source "lmi"]
[SourceDate "2009.10.04"]

1. d4 Nf6 2. c4 e6 3. Nf3 d5 4. Bg5 h6 5. Bh4 c6 6. e3 Nbd7 7. Nc3 Be7 8. Qc2
O-O 9. Rd1 a6 10. a3 b5 11. c5 Nh5 12. Bxe7 Qxe7 13. Be2 Nhf6 14. e4 dxe4 15.
Nxe4 e5 16. Nd6 Nd5 17. O-O Nf4 18. Rfe1 e4 19. Qxe4 Qxe4 20. Nxe4 Nf6 21.
Nxf6+ gxf6 22. Nd2 Nxe2+ 23. Rxe2 Bf5 24. Nb3 a5 25. d5 cxd5 26. Nd4 Bc8 27.
Re3 b4 28. Nc6 Be6 29. axb4 axb4 30. Nxb4 Rfb8 31. Nd3 Rb3 32. h3 Kf8 33. Nf4
Rxb2 34. Nxe6+ fxe6 35. Rxe6 Kf7 36. Re3 Raa2 37. Rxd5 Rxf2 38. Rd7+ Kg6 39.
Rg3+ Kf5 40. c6 Rac2 41. c7 Rf4 42. Rh7 Rc1+ 43. Kh2 Rff1 44. Rg8 Kf4 45. Rg4+
Kf5 46. Ra4 Kg6 47. Rd7 h5 48. h4 Rh1+ 49. Kg3 Rc3+ 50. Kf2 Rhc1 51. Ra7 R1c2+
52. Kg1 Rc1+ 53. Kh2 Rc4 54. Rg7+ Kh6 55. c8=Q Rxc8 56. Rh7+ Kg6 57. Rag7+ Kf5
58. Rxh5+ Ke6 59. Ra5 Rf1 60. Ra6+ Ke5 61. h5 Rcc1 62. Re7+ Kd5 63. Ra5+ Kd6
64. Re3 f5 65. h6 f4 66. Rd3+ Ke7 67. Ra7+ Ke8 68. Kh3 Rh1+ 69. Kg4 Rxh6 70.
Rb3 Rd1 71. Kxf4 Rg6 72. Rh3 Rf1+ 73. Ke3 Re6+ 74. Kd3 Rd1+ 75. Kc2 Rf1 76.
Rh8+ Rf8 77. Ra8+ 1-0

[Event "Magistral Internacional Marcel Duchamp "]
[Site "Buenos Aires ARG"]
[Date "2009.10.07"]
[Round "4.4"]
[White "Goldwaser, Christian"]
[Black "Cori Tello, Jorge"]
[Result "1/2-1/2"]
[WhiteElo "2441"]
[BlackElo "2445"]
[PlyCount "48"]
[EventDate "2009.10.04"]
[EventType "tourn"]
[EventRounds "9"]
[EventCountry "ARG"]
[EventCategory "9"]
[Source "lmi"]
[SourceDate "2009.10.04"]

1. Nf3 Nf6 2. c4 c6 3. Nc3 d5 4. e3 Nbd7 5. cxd5 cxd5 6. d4 e6 7. Ne5 Nxe5 8.
dxe5 Ne4 9. Nxe4 dxe4 10. Qxd8+ Kxd8 11. Bd2 Bd7 12. Ba5+ b6 13. Bc3 Kc7 14.
Ba6 Rd8 15. Ke2 Bc8 16. Bxc8 Kxc8 17. Rac1 Kb7 18. Rhd1 Be7 19. Rd4 Rxd4 20.
exd4 Rc8 21. f4 exf3+ 22. Kxf3 b5 23. Ke4 h5 24. Rf1 f5+ 1/2-1/2

[Event "Magistral Internacional Marcel Duchamp "]
[Site "Buenos Aires ARG"]
[Date "2009.10.07"]
[Round "4.5"]
[White "Perez Ponsa, Federico"]
[Black "Garcia Palermo, Carlos"]
[Result "1/2-1/2"]
[WhiteElo "2422"]
[BlackElo "2475"]
[PlyCount "108"]
[EventDate "2009.10.04"]
[EventType "tourn"]
[EventRounds "9"]
[EventCountry "ARG"]
[EventCategory "9"]
[Source "lmi"]
[SourceDate "2009.10.04"]

1. e4 e6 2. d4 d5 3. Nd2 dxe4 4. Nxe4 Nd7 5. g3 b6 6. Bg2 Rb8 7. Nf3 Bb7 8. Qe2
Ngf6 9. Nxf6+ Nxf6 10. O-O Be7 11. Rd1 O-O 12. c4 Qe8 13. b3 b5 14. Ne5 Bxg2
15. Kxg2 bxc4 16. bxc4 c5 17. dxc5 Bxc5 18. Bg5 Be7 19. Rac1 Rb7 20. Qf3 Rc7
21. Bf4 Rc5 22. g4 h6 23. h4 Qa8 24. Nd7 Nxd7 25. Rxd7 Bxh4 26. Bd6 Rg5 27.
Qxa8 Rxa8 28. f3 Ra5 29. c5 Rxa2+ 30. Kh3 Bd8 31. c6 Rc8 32. c7 Bxc7 33. Rcxc7
Rxc7 34. Rxc7 a5 35. Ra7 a4 36. Kg3 Rd2 37. Ba3 Rd4 38. Kf2 Rc4 39. Ke2 Rd4 40.
Ke3 Rc4 41. Bd6 Rc6 42. Bb4 Rc4 43. Bd2 Rc5 44. Ke2 Re5+ 45. Kd1 Rd5 46. Rxa4
h5 47. Ra7 hxg4 48. fxg4 Rd4 49. g5 Rd5 50. Ke2 Re5+ 51. Be3 Rf5 52. g6 fxg6
53. Rb7 Rf7 54. Rb6 Kh7 1/2-1/2

[Event "Magistral Internacional Marcel Duchamp "]
[Site "Buenos Aires ARG"]
[Date "2009.10.08"]
[Round "5.1"]
[White "Garcia Palermo, Carlos"]
[Black "Mareco, Sandro"]
[Result "0-1"]
[WhiteElo "2475"]
[BlackElo "2525"]
[PlyCount "72"]
[EventDate "2009.10.04"]
[EventType "tourn"]
[EventRounds "9"]
[EventCountry "ARG"]
[EventCategory "9"]
[Source "lmi"]
[SourceDate "2009.10.04"]

1. g3 Nf6 2. Bg2 d5 3. Nf3 Bf5 4. O-O c6 5. b3 e6 6. Bb2 h6 7. c4 Be7 8. d3 O-O
9. Nbd2 a5 10. a3 Na6 11. Qc2 Bh7 12. Ne5 Rc8 13. Rac1 Re8 14. h3 Bf8 15. Kh2
Nd7 16. Nef3 Nac5 17. Rfe1 b5 18. b4 axb4 19. axb4 Na6 20. Qb3 bxc4 21. dxc4
Nxb4 22. cxd5 exd5 23. Bc3 Rb8 24. Bxb4 Bxb4 25. Qa4 Nc5 26. Qxc6 Rb6 27. Rxc5
Rxc6 28. Rxc6 Qa5 29. Rd1 Rxe2 30. Rc8+ Bf8 31. Nb3 Qb6 32. Nfd4 Rxf2 33. Kg1
Rc2 34. Re8 Rc3 35. Bxd5 Bc2 36. Rd2 Bxb3 0-1